Estimating in Building Construction / (Record no. 16481)
[ view plain ]
| 000 -LEADER | |
|---|---|
| fixed length control field | 00864nam a22002297a 4500 |
| 008 - FIXED-LENGTH DATA ELEMENTS--GENERAL INFORMATION | |
| fixed length control field | 120216s2011 xxu|||||r|||| 001 0 eng d |
| 020 ## - INTERNATIONAL STANDARD BOOK NUMBER | |
| International Standard Book Number | 0132577135 |
| 020 ## - INTERNATIONAL STANDARD BOOK NUMBER | |
| International Standard Book Number | 9780132577137 |
| 082 ## - DEWEY DECIMAL CLASSIFICATION NUMBER | |
| Edition number | 22 |
| Classification number | 692.5 |
| Item number | DAG |
| 100 ## - MAIN ENTRY--PERSONAL NAME | |
| 9 (RLIN) | 28978 |
| Personal name | Dagostino, Frank R |
| 245 ## - TITLE STATEMENT | |
| Title | Estimating in Building Construction / |
| Statement of responsibility, etc | Frank R. Dagostino, Steven J. Peterson. |
| 250 ## - EDITION STATEMENT | |
| Edition statement | 7th ed., |
| Remainder of edition statement | International ed. |
| 260 ## - PUBLICATION, DISTRIBUTION, ETC. (IMPRINT) | |
| Place of publication, distribution, etc | Upper Saddle River, N.J. : |
| Name of publisher, distributor, etc | Pearson Education, |
| Date of publication, distribution, etc | 2011. |
| 300 ## - PHYSICAL DESCRIPTION | |
| Extent | xii, 273 p. : |
| Other physical details | ill. ; |
| Dimensions | 28 cm. + |
| Accompanying material | 1 CD-ROM + 1 booklet. |
| 500 ## - GENERAL NOTE | |
| General note | Includes 1 booklet with 35 leaves of plans on folded A3 paper. |
| 504 ## - BIBLIOGRAPHY, ETC. NOTE | |
| Bibliography, etc | Includes bibliographical references and index. |
| 650 ## - SUBJECT ADDED ENTRY--TOPICAL TERM | |
| 9 (RLIN) | 28979 |
| Topical term or geographic name as entry element | Building |
| General subdivision | EstimatesData processing |
| 653 ## - INDEX TERM--UNCONTROLLED | |
| Resource For college | |
| Arrived date list | February2012 |
| 650 ## - SUBJECT ADDED ENTRY--TOPICAL TERM | |
| 9 (RLIN) | 20186 |
| Topical term or geographic name as entry element | Building |
| General subdivision | Estimates |
| 700 ## - ADDED ENTRY--PERSONAL NAME | |
| 9 (RLIN) | 28980 |
| Personal name | Peterson, Steven J. |
| 942 ## - ADDED ENTRY ELEMENTS (KOHA) | |
| Source of classification or shelving scheme | Dewey Decimal Classification |
| Item type | Book - Borrowing |
| Withdrawn status | Item status | Source of classification or shelving scheme | Damaged status | Not for loan | Vendor | Home library | Current library | Shelving location | Date acquired | Source of acquisition | Cost, normal purchase price | Serial Enumeration / chronology | Total Checkouts | Full call number | Barcode | Date last seen | Koha item type | Public note |
|---|---|---|---|---|---|---|---|---|---|---|---|---|---|---|---|---|---|---|
| Dewey Decimal Classification | Alahram | Central Library | Central Library | First floor | 16/02/2012 | 210.00 | 681 | 692.5 DAG | 000026133 | 15/07/2025 | Book - Borrowing | |||||||
| Dewey Decimal Classification | Alahram | Central Library | Central Library | First floor | 16/02/2012 | 681 | 692.5 DAG | 000026134 | 24/08/2022 | CD | DVD - With book | ||||||||
| Dewey Decimal Classification | Alahram | Central Library | Central Library | First floor | 16/02/2012 | 681 | 692.5 DAG | 000026135 | 15/07/2025 | Book - Borrowing | booklet |